KOHA-Header-6

Focus:The future of your company depends on it (Record no. 2809)

000 -LEADER
fixed length control field 00403nam a2200157Ia 4500
003 - CONTROL NUMBER IDENTIFIER
control field MAJU-Karachi
005 - DATE AND TIME OF LATEST TRANSACTION
control field 20211110160718.0
008 - FIXED-LENGTH DATA ELEMENTS--GENERAL INFORMATION
fixed length control field 190902s9999||||xx |||||||||||||| ||und||
020 ## - INTERNATIONAL STANDARD BOOK NUMBER
International Standard Book Number 0-88730-863-5
040 ## - CATALOGING SOURCE
Transcribing agency DLC
100 ## - MAIN ENTRY--PERSONAL NAME
Personal name Rices ,AL
245 #0 - TITLE STATEMENT
Title Focus:The future of your company depends on it
260 ## - PUBLICATION, DISTRIBUTION, ETC. (IMPRINT)
Place of publication, distribution, etc New York
Name of publisher, distributor, etc Harper collins publisher
Date of publication, distribution, etc 1996
300 ## - PHYSICAL DESCRIPTION
Extent 304p.:
942 ## - ADDED ENTRY ELEMENTS (KOHA)
Koha item type Books
Source of classification or shelving scheme
Holdings
Withdrawn status Lost status Source of classification or shelving scheme Damaged status Not for loan Collection code Permanent Location Current Location Shelving location Date acquired Barcode Date last seen Price effective from Koha item type
          Management MAJU MAJU   2019-09-02 6470 2021-11-10 2019-09-02 Management

Powered by Koha